000 00842nam a2200301Ia 4500
001 41287
003 110066
005 20250928011803.0
008 ||||||n9999 ||| || ||
041 _aspa
110 _aMinisterio de Agricultura y Desarrollo Rural
_93080
245 0 _aAvances de la politica sectorial en la region de occidente
260 _aBogotá :
_bEl Ministerio,
_c1997.
300 _a115p
490 _aDesarrollo regional
562 _e1
650 _aACUERDO
_911381
650 _aCOLOMBIA
_959202
650 _aCOMERCIALIZACIÓN
_96469
650 0 _aCompetitividad
_98823
650 0 _aDesarrollo rural
_97414
650 _aFINANCIAMIENTO
_98373
650 _aGRUPOS INDIGENAS
_911628
650 _aINFRAESTRUCTURA
_959204
650 0 _aPolítica agropecuaria
_99197
942 _cBKM
942 _cDO-GO
999 _c41287
_d41287